मुरझाने को खिलाते हुए (Record no. 57882)
[ view plain ]
| 000 -LEADER | |
|---|---|
| fixed length control field | 00420nam a22001337a 4500 |
| 003 - CONTROL NUMBER IDENTIFIER | |
| control field | macl |
| 005 - DATE AND TIME OF LATEST TRANSACTION | |
| control field | 20180422153030.0 |
| 008 - FIXED-LENGTH DATA ELEMENTS--GENERAL INFORMATION | |
| fixed length control field | 180422b xxu||||| |||| 00| 0 eng d |
| 040 ## - CATALOGING SOURCE | |
| Transcribing agency | macl |
| 100 ## - MAIN ENTRY--PERSONAL NAME | |
| Personal name | नन्दकिशोर आचार्य |
| 9 (RLIN) | 48183 |
| 245 ## - TITLE STATEMENT | |
| Title | मुरझाने को खिलाते हुए |
| 600 ## - SUBJECT ADDED ENTRY--PERSONAL NAME | |
| Personal name | नन्दकिशोर आचार्य |
| 9 (RLIN) | 48183 |
| 942 ## - ADDED ENTRY ELEMENTS (KOHA) | |
| Source of classification or shelving scheme | |
| Koha item type | Hindi Books |
No items available.









